American College of Physicians complete home medical guide / (Registro nro. 11334)
[ vista simple ]
| 000 -LEADER | |
|---|---|
| fixed length control field | 00881cam a2200277 a 4500 |
| 001 - CONTROL NUMBER | |
| control field | 4038 |
| 003 - CONTROL NUMBER IDENTIFIER | |
| control field | DO-SdBNP |
| 005 - DATE AND TIME OF LATEST TRANSACTION | |
| control field | 20160906101527.0 |
| 007 - PHYSICAL DESCRIPTION FIXED FIELD--GENERAL INFORMATION | |
| fixed length control field | 4038 |
| 008 - FIXED-LENGTH DATA ELEMENTS--GENERAL INFORMATION | |
| fixed length control field | 031114s2003 nyua 001 0 eng |
| 010 ## - LIBRARY OF CONGRESS CONTROL NUMBER | |
| LC control number | |
| 020 ## - INTERNATIONAL STANDARD BOOK NUMBER | |
| International Standard Book Number | 0789496739 (alk. paper) |
| 040 ## - CATALOGING SOURCE | |
| Original cataloging agency | BPMSU |
| Transcribing agency | spa |
| Modifying agency | BPMSU |
| 050 00 - LIBRARY OF CONGRESS CALL NUMBER | |
| Classification number | |
| Item number | |
| 082 04 - DEWEY DECIMAL CLASSIFICATION NUMBER | |
| Classification number | |
| Edition number | |
| 245 00 - TITLE STATEMENT | |
| Title | American College of Physicians complete home medical guide / |
| Statement of responsibility, etc. | editor-in-chief, David R. Goldmann ; associate editor, David A. Horowitz. |
| 246 3# - VARYING FORM OF TITLE | |
| Title proper/short title | Complete home medical guide |
| 250 ## - EDITION STATEMENT | |
| Edition statement | 2nd Amer. ed., completely rev. and updated |
| 260 ## - PUBLICATION, DISTRIBUTION, ETC. (IMPRINT) | |
| Place of publication, distribution, etc. | New York, N.Y. : |
| Name of publisher, distributor, etc. | DK Pub., |
| Date of publication, distribution, etc. | 2003. |
| 300 ## - PHYSICAL DESCRIPTION | |
| Extent | 1104 p. : |
| Other physical details | ill. (chiefly col.) ; |
| Dimensions | 27 cm. |
| 500 ## - GENERAL NOTE | |
| General note | Inclye índice |
| 700 1# - ADDED ENTRY--PERSONAL NAME | |
| Personal name | Goldmann, David R. |
| 710 2# - ADDED ENTRY--CORPORATE NAME | |
| Corporate name or jurisdiction name as entry element | American College of Physicians. |
| 942 ## - ADDED ENTRY ELEMENTS (KOHA) | |
| Source of classification or shelving scheme | Dewey Decimal Classification |
| Koha item type | Libros |
| 956 ## - LOCAL ELECTRONIC LOCATION AND ACCESS (OCLC) | |
| Host name | VMATEO |
| Access number | 10 |
| Compression information | 20160906 |
| Path | BPMSU |
| Electronic name | 0069 |
| Withdrawn status | Lost status | Source of classification or shelving scheme | Damaged status | Not for loan | Collection code | Home library | Current library | Date acquired | Source of acquisition | Total Checkouts | Barcode | Date last seen | Price effective from | Koha item type |
|---|---|---|---|---|---|---|---|---|---|---|---|---|---|---|
| Dewey Decimal Classification | Biblioteca Pública Metropolitana Salomé Ureña | Biblioteca Pública Metropolitana Salomé Ureña | 09/06/2016 | Donado Rosa Núñez | BPMET16090199 | 09/06/2016 | 09/06/2016 | Libros |